Statistics for Most Populous Countries A-Z

Click here to take the quiz!

General Stats

  • This quiz has been taken 33 times
  • The average score is 19 of 21

Answer Stats

LetterPopulationPopulation Rank #Country% Correct
B212,559,4176Brazil
100%
C1,439,323,7761China
100%
I1,380,004,3852India
100%
J126,476,46111Japan
100%
R145,034,4629Russia
100%
F65,273,51122France
97%
U331,002,6513United States
97%
V97,338,57915Vietnam
97%
Z18,383,95565Zambia
97%
G83,783,94219Germany
93%
A45,195,77432Argentina
90%
E102,334,40414Egypt
90%
P220,892,3405Pakistan
90%
T84,339,06717Turkey
90%
K53,771,29627Kenya
87%
M128,932,75310Mexico
87%
N206,139,5897Nigeria
87%
H11,402,52882Haiti
83%
L7,275,560105Laos
83%
D89,561,40316D. R. Congo
80%
S59,308,69025South Africa
77%

Score Distribution

Percentile by Number Answered

Percent of People with Each Score

Your Score History

You have not taken this quiz